[Event "Cannes op"]
[Site "Cannes"]
[Date "2007.02.21"]
[Round "5"]
[White "Libens, Michel"]
[Black "Roussiere, Christophe"]
[Result "1-0"]
[WhiteElo "2104"]
[BlackElo "2139"]
[PlyCount "97"]
[EventDate "2007.02.18"]
[EventType "swiss"]
[EventRounds "9"]
[EventCountry "FRA"]
[SourceTitle "CBM 116 Extra"]
[Source "ChessBase"]
[SourceDate "2007.03.07"]
[SourceVersion "1"]
[SourceVersionDate "2007.03.07"]
[SourceQuality "1"]

1. e4 e5 2. Nf3 Nf6 3. Nxe5 d6 4. Nf3 Nxe4 5. d4 d5 6. Bd3 Nc6 7. h3 Be7 8. 0-0 0-0 9. Re1 f5 10. c4 Nb4 11. cxd5 Nxd3 12. Qxd3 Qxd5 13. Nc3 Nxc3 14. Rxe7 Qd6 15. Qc4+ Nd5 16. Re5 c6 17. Bg5 Kh8 18. Rae1 Bd7 19. Be7 Nxe7 20. Rxe7 Rae8 21. Qc5 Qxc5 22. dxc5 Rxe7 23. Rxe7 Bc8 24. Ne5 Kg8 25. Nc4 f4 26. Nd6 b6 27. Rxa7 bxc5 28. Ra8 Be6 29. Rxf8+ Kxf8 30. a4 Ke7 31. Nb7 c4 32. a5 c5 33. Nxc5 Bd5 34. Na4 Bb7 35. Nb6 Ba6 36. Nd5+ Kd6 37. Nxf4 Ke5 38. Ne2 Ke4 39. Nc1 Kd4 40. f4 Ke3 41. Na2 Kd2 42. g4 Bb7 43. f5 Kc2 44. a6 Be4 45. Nc3 Bc6 46. g5 Kxb2 47. Nd1+ Kc1 48. Ne3 c3 49. f6 1-0

[Event "FRA-ch op-A"]
[Site "Aix les Bains"]
[Date "2003.08.23"]
[Round "5"]
[White "Aurel, Luc"]
[Black "Roussiere, Christophe"]
[Result "1-0"]
[WhiteElo "2174"]
[BlackElo "2094"]
[PlyCount "49"]
[EventDate "2003.08.19"]
[EventType "swiss"]
[EventRounds "11"]
[EventCountry "FRA"]
[SourceTitle "EXT 2004"]
[Source "ChessBase"]
[SourceDate "2003.11.25"]
[SourceVersion "1"]
[SourceVersionDate "2003.11.25"]
[SourceQuality "1"]

1. e4 e5 2. Nf3 Nf6 3. d3 Nc6 4. c3 d5 5. Nbd2 Be7 6. Be2 0-0 7. 0-0 Re8 8. b4 dxe4 9. dxe4 Bd6 10. Qc2 Bg4 11. Nc4 Qe7 12. Bg5 Rad8 13. Ne3 Be6 14. Nh4 g6 15. Nd5 Bxd5 16. exd5 Nb8 17. Bb5 c6 18. dxc6 bxc6 19. Ba4 e4 20. g3 h6 21. Bxf6 Qxf6 22. Rae1 Re7 23. Rxe4 Rxe4 24. Qxe4 Qxc3 25. Bb3 1-0

[Event "Aurec Cup"]
[Site "Aurec"]
[Date "2002.06.16"]
[Round "5"]
[White "Rauzieres, William"]
[Black "Roussiere, Christophe"]
[Result "0-1"]
[WhiteElo "2020"]
[BlackElo "2050"]
[PlyCount "98"]
[EventDate "2002.06.??"]
[EventType "team"]
[EventRounds "5"]
[EventCountry "FRA"]
[SourceTitle "EXT 2004"]
[Source "ChessBase"]
[SourceDate "2003.11.25"]
[SourceVersion "1"]
[SourceVersionDate "2003.11.25"]
[SourceQuality "1"]

1. e4 e5 2. Nf3 Nf6 3. Nxe5 d6 4. Nf3 Nxe4 5. d4 d5 6. Bd3 Nc6 7. 0-0 Be7 8. c4 Nb4 9. Bxe4 dxe4 10. Ne5 0-0 11. a3 Nc6 12. Nxc6 bxc6 13. Nc3 f5 14. Ne2 c5 15. d5 a5 16. Qc2 Ra6 17. Bf4 g5 18. Be5 Bd6 19. Qc3 Bxe5 20. Qxe5 Re8 21. Qc3 a4 22. Rad1 Rh6 23. Qg3 Kh8 24. Qc3+ Kg8 25. Qg3 Rg6 26. Qe3 Qd6 27. f4 g4 28. Rd2 Ba6 29. Rc2 Rb8 30. Ng3 Rf6 31. Nh5 Rf7 32. Ng3 Rb3 33. Qe2 Qg6 34. Rd1 h5 35. Nf1 h4 36. Ne3 Qh6 37. g3 hxg3 38. hxg3 Qh3 39. Nf1 Rh7 40. Qg2 Qh6 41. Rdd2 Qf6 42. Kf2 Rf3+ 43. Ke1 e3 44. Re2 Qd4 45. Nh2 Rxh2 46. Qxh2 Bxc4 47. Qh5 Rf1+ 48. Kxf1 Qd1+ 49. Kg2 Bxd5+ 0-1

[Event "Aurec Cup"]
[Site "Aurec"]
[Date "2002.06.16"]
[Round "4"]
[White "Roussiere, Christophe"]
[Black "Le Corre, Benjamin"]
[Result "1/2-1/2"]
[WhiteElo "2050"]
[BlackElo "2090"]
[PlyCount "75"]
[EventDate "2002.06.??"]
[EventType "team"]
[EventRounds "5"]
[EventCountry "FRA"]
[SourceTitle "EXT 2004"]
[Source "ChessBase"]
[SourceDate "2003.11.25"]
[SourceVersion "1"]
[SourceVersionDate "2003.11.25"]
[SourceQuality "1"]

1. e4 e6 2. d4 d5 3. Nc3 Nf6 4. Bg5 dxe4 5. Nxe4 Be7 6. Bxf6 Bxf6 7. Nf3 Nd7 8. Bd3 0-0 9. 0-0 Be7 10. Ne5 Nf6 11. Ng5 h6 12. Ngf3 b6 13. Nc6 Qd6 14. Nxe7+ Qxe7 15. Re1 Bb7 16. Qe2 Qb4 17. c3 Qa5 18. Ne5 Rac8 19. f4 Rfe8 20. a3 Re7 21. b4 Qd5 22. Bc4 Qd6 23. Rad1 Nd5 24. Qf3 Ba8 25. Qg3 c5 26. dxc5 bxc5 27. b5 Qb8 28. f5 exf5 29. Bxd5 Bxd5 30. Rxd5 Rce8 31. Kf2 f4 32. Qxf4 f6 33. Qc4 fxe5 34. Rd8+ Rf7+ 35. Qxf7+ Kxf7 36. Rxb8 Rxb8 37. a4 Ke6 38. Rd1 1/2-1/2